000 00782nam a2200241 i 4500
003 DO-SdBNP
005 20250218125615.0
007 ta
008 240708b1986 sp ||||| |||| 00| 0 spa d
040 _aDO-SdBNP
_bspa
_cBNPHU
_erda
082 4 _222
_bA791
100 1 _aSaramago, José,
_d1922-2010
_912950
111 _aCongreso de Artistas Abstractos de Puerto Rico
_cSanto Domingo : 14 de febrero de 1986-30 de marzo de 1986
_985980
245 1 0 _aArtistas abstractos de Puerto Rico
264 _aSanto Domingo :
_bGaleria de Arte Moderno,
_c1986.
300 _apáginas varidas
_c27 cm.
336 _2rdacontent
_atexto
_btxt
337 _2rdamedia
_asin mediación
_bn
338 _2rdacarrier
_avolumen
_bnc
590 _aInventariado, 2024/DG
910 _aDG
942 _2ddc
_cLF2
999 _c57195
_d57195